Asmara dalam pelukan pelangi / (Record no. 58357)

MARC details
000 -LEADER
fixed length control field 00733cam a22002531i 4500
001 - CONTROL NUMBER
control field sa 64004183
003 - CONTROL NUMBER IDENTIFIER
control field DLC
005 - DATE AND TIME OF LATEST TRANSACTION
control field 20260227112023.0
008 - FIXED-LENGTH DATA ELEMENTS--GENERAL INFORMATION
fixed length control field 830412s1963 io c 000 0 ind
010 ## - LIBRARY OF CONGRESS CONTROL NUMBER
LC control number sa 64004183
035 ## - SYSTEM CONTROL NUMBER
System control number (OCoLC)9399642
040 ## - CATALOGING SOURCE
Original cataloging agency DLC
Transcribing agency OAU
Modifying agency DLC
042 ## - AUTHENTICATION CODE
Authentication code premarc
050 00 - LIBRARY OF CONGRESS CALL NUMBER
Classification number PL5088
Item number .A8 1963
245 00 - TITLE STATEMENT
Title Asmara dalam pelukan pelangi /
Statement of responsibility, etc. oleh A. Hasjmy, A. Gani Mutyara [dan] T. Alibasjah Talsya.
250 ## - EDITION STATEMENT
Edition statement Tjet. 2.
260 ## - PUBLICATION, DISTRIBUTION, ETC.
Place of publication, distribution, etc. Banda Atjeh :
Name of publisher, distributor, etc. Pustaka Putroë Tjandén,
Date of publication, distribution, etc. 1963.
300 ## - PHYSICAL DESCRIPTION
Extent 109 p. :
Other physical details ports ;
Dimensions 21 cm.
490 0# - SERIES STATEMENT
Series statement Seri sastra
650 #0 - SUBJECT ADDED ENTRY--TOPICAL TERM
Topical term or geographic name entry element Short stories, Indonesian.
700 1# - ADDED ENTRY--PERSONAL NAME
Personal name Hasjmy, A.
700 1# - ADDED ENTRY--PERSONAL NAME
Personal name Mutyara, A. Gani.
700 1# - ADDED ENTRY--PERSONAL NAME
Personal name Talsya, T. Alibasjah.

No items available.

Powered by Koha